000 00669nam a2200241 i 4500
003 DO-SdBNP
005 20241008093746.0
007 ta
008 240408s2006 dr 000 p spa d
020 _a9789945160925
040 _aDO-SdBNP
_bspa
_cBNPHU
_erda
082 _bC172m
_222
100 _985194
245 _aMelodías del cuerpo presente /
_cEugenio Camacho
264 _aSanto Domingo :
_bEdiciones Angeles de Fierro
_c2006
300 _a90 páginas
_c21 cm.
336 _2rdacontent
_atexto
_btxt
337 _2rdamedia
_asin mediación
_bn
338 _2rdacarrier
_avolumen
_bnc
590 _aInventariado, 2024 / DG
910 _aDG
942 _2ddc
_cLBS1
999 _c57778
_d57778